[Event "BL2-Ost 1314"]
[Site "Germany"]
[Date "2014.01.21"]
[Round "10.4"]
[White "Maiwald, Jens Uwe"]
[Black "Gerigk, Erasmus"]
[Result "1-0"]
[WhiteElo "2461"]
[BlackElo "2385"]
[PlyCount "107"]
[EventDate "2013.10.12"]
[EventType "team-tourn"]
[EventRounds "10"]
[EventCountry "GER"]
[SourceTitle "EXT 2015"]
[Source "ChessBase"]
[SourceDate "2014.11.20"]
[SourceVersion "1"]
[SourceVersionDate "2014.11.20"]
[SourceQuality "1"]
[WhiteTeam "Dresden USV"]
[BlackTeam "Zugzwang MSA"]
[WhiteTeamCountry "GER"]
[BlackTeamCountry "GER"]

1. e4 c5 2. Nc3 Nc6 3. Bb5 Nd4 4. Bc4 e6 5. Nf3 a6 6. Nxd4 cxd4 7. Ne2 Nf6 8. d3 Bc5 9. 0-0 d5 10. exd5 Nxd5 11. Nf4 Nxf4 12. Bxf4 0-0 13. Qf3 Kh8 14. Rfe1 Ra7 15. Bb8 Ra8 16. Bg3 Ra7 17. Bb8 Ra8 18. Bf4 Ra7 19. Re5 b6 20. Rae1 Re7 21. Rh5 f6 22. Bd2 Qe8 23. Rh4 b5 24. Bb3 g5 25. Rh6 Qf7 26. h4 gxh4 27. Rxh4 Bb7 28. Qh3 Rfe8 29. Rh6 Qg7 30. f3 Bc8 31. Qh4 Rf7 32. Re4 f5 33. Re2 Be7 34. Qh5 Bf6 35. Bf4 Ree7 36. Qh2 Kg8 37. Rh3 Kh8 38. Bh6 Qg8 39. Rg3 Qd8 40. Qh5 Qd6 41. f4 Bd7 42. Bg5 Bc8 43. Qh6 Bxg5 44. Rxg5 Qc6 45. Re5 Bd7 46. Rg3 a5 47. a4 bxa4 48. Bc4 Qb6 49. Kh2 Qd8 50. Rg5 Qc7 51. Kh3 Bc8 52. Kh2 Bd7 53. Rexf5 exf5 54. Qf6+ 1-0

[Event "BL2-Ost 1314"]
[Site "Germany"]
[Date "2013.10.12"]
[Round "1.4"]
[White "Espig, Lutz"]
[Black "Gerigk, Erasmus"]
[Result "0-1"]
[WhiteElo "2302"]
[BlackElo "2385"]
[PlyCount "92"]
[EventDate "2013.10.12"]
[EventType "team-tourn"]
[EventRounds "10"]
[EventCountry "GER"]
[SourceTitle "EXT 2015"]
[Source "ChessBase"]
[SourceDate "2014.11.20"]
[SourceVersion "1"]
[SourceVersionDate "2014.11.20"]
[SourceQuality "1"]
[WhiteTeam "Plauen Koenig"]
[BlackTeam "Zugzwang MSA"]
[WhiteTeamCountry "GER"]
[BlackTeamCountry "GER"]

1. Nf3 g6 2. e4 c5 3. c4 Bg7 4. d4 Qa5+ 5. Nc3 d6 6. Be2 Bg4 7. d5 Bxc3+ 8. bxc3 Nf6 9. Nd2 Bxe2 10. Qxe2 Nbd7 11. 0-0 0-0-0 12. f4 Rhe8 13. Nf3 h6 14. e5 Ng8 15. Re1 Kc7 16. a4 Nb6 17. Bd2 Qa6 18. exd6+ exd6 19. Qxe8 Rxe8 20. Rxe8 Nf6 21. Re7+ Nbd7 22. Rxf7 Qxc4 23. Re1 Nxd5 24. Rg7 Qxa4 25. Rxg6 Nxf4 26. Rxh6 Nd3 27. Re7 N3e5 28. h3 Qd1+ 29. Be1 Nxf3+ 30. gxf3 Kc6 31. Ree6 Kb5 32. Re3 Ne5 33. Rf6 Qc1 34. Kf2 c4 35. Rxd6 Nd3+ 36. Rdxd3 cxd3 37. Rxd3 Qf4 38. Rd5+ Kc6 39. Rh5 b6 40. Ke2 Qc4+ 41. Kd2 Qf7 42. Rh6+ Kb5 43. Bf2 Qxf3 44. Be3 Qd5+ 45. Kc2 Qe4+ 46. Kd2 Kc4 0-1

[Event "BL2-Ost 1213"]
[Site "Germany"]
[Date "2013.02.03"]
[Round "6.5"]
[White "Hoffmann, Paul"]
[Black "Gerigk, Erasmus"]
[Result "0-1"]
[WhiteElo "2346"]
[BlackElo "2364"]
[PlyCount "74"]
[EventDate "2012.10.14"]
[EventType "team-tourn"]
[EventRounds "9"]
[EventCountry "GER"]
[SourceTitle "CBM 154 Extra"]
[Source "ChessBase"]
[SourceDate "2013.06.25"]
[SourceVersion "2"]
[SourceVersionDate "2013.06.25"]
[SourceQuality "1"]
[WhiteTeam "Dresden TU"]
[BlackTeam "Zugzwang MSA"]
[WhiteTeamCountry "GER"]
[BlackTeamCountry "GER"]

1. e4 d5 2. exd5 Qxd5 3. Nc3 Qd6 4. d4 Nf6 5. Nge2 c6 6. Bf4 Qd8 7. g3 Bf5 8. Bg2 e6 9. 0-0 Be7 10. h3 h6 11. Rb1 Nbd7 12. b4 Nd5 13. b5 Nxf4 14. Nxf4 0-0 15. bxc6 bxc6 16. Nd3 Qa5 17. Rb3 Rac8 18. Ne4 Rfd8 19. Qe1 Qa4 20. Qe3 Qxa2 21. Rfb1 Nf6 22. Qc1 Bxe4 23. Ra1 Qxb3 24. cxb3 Bxd3 25. Rxa7 Bf8 26. Qe3 Bb5 27. Rb7 Rd7 28. Rxd7 Nxd7 29. Qf4 Nf6 30. g4 Nd5 31. Qe5 Rd8 32. h4 Bd6 33. Qe4 Ra8 34. Qe1 Be7 35. g5 hxg5 36. h5 Bd8 37. Be4 Nf6 0-1

[Event "Oberliga Bayern 1112"]
[Site "Bayern"]
[Date "2012.02.05"]
[Round "6.3"]
[White "Ager, Josef"]
[Black "Gerigk, Erasmus"]
[Result "0-1"]
[WhiteElo "2170"]
[BlackElo "2334"]
[PlyCount "128"]
[EventDate "2011.10.02"]
[EventType "team-tourn"]
[EventRounds "9"]
[EventCountry "GER"]
[SourceTitle "EXT 2013"]
[Source "ChessBase"]
[SourceDate "2012.11.22"]
[SourceVersion "1"]
[SourceVersionDate "2012.11.22"]
[SourceQuality "1"]
[WhiteTeam "Rottal"]
[BlackTeam "MSA Zugzwang"]
[WhiteTeamCountry "GER"]
[BlackTeamCountry "GER"]

1. Nf3 Nf6 2. c4 e6 3. g3 a6 4. Bg2 b5 5. d3 Bb7 6. 0-0 c5 7. Nc3 b4 8. Na4 d6 9. Be3 Be7 10. d4 Ng4 11. dxc5 Nxe3 12. fxe3 0-0 13. cxd6 Bxd6 14. Qd3 Be7 15. Rad1 Qa5 16. b3 Ra7 17. Nd4 Bxg2 18. Kxg2 Qe5 19. Nf3 Qc7 20. Qe4 Nd7 21. Nd4 Nf6 22. Qf3 Rc8 23. e4 Qe5 24. Qf4 Qxe4+ 25. Qxe4 Nxe4 26. Nc2 f5 27. Rd3 h5 28. Rfd1 Kf7 29. Rd7 Rcc7 30. Rxc7 Rxc7 31. Rd3 g5 32. Ne3 Kf6 33. Nd1 g4 34. Nf2 Nxf2 35. Kxf2 Ke5 36. Re3+ Kf6 37. Rd3 Rc6 38. Rd7 Bd6 39. Rh7 Kg6 40. Rh8 Be5 41. Rd8 h4 42. e3 Kf6 43. Rd7 Rc8 44. Nb6 Rc6 45. Na4 a5 46. Kg2 hxg3 47. hxg3 Rd6 48. Rxd6 Bxd6 49. c5 Bc7 50. Nb6 Ke7 51. Kf2 Kd8 52. Na8 Bb8 53. c6 Ba7 54. c7+ Kc8 55. Ke2 Bc5 56. Kd3 Bd6 57. e4 Bxg3 58. exf5 exf5 59. Nb6+ Kxc7 60. Nc4 Kd7 61. Nxa5 Ke6 62. Nc4 Bd6 63. Kd4 Bf8 64. Ne3 Kf6 0-1

[Event "Oberliga Bayern 1112"]
[Site "Bayern"]
[Date "2011.11.20"]
[Round "3.2"]
[White "Savina, Anastasia"]
[Black "Gerigk, Erasmus"]
[Result "0-1"]
[WhiteElo "2331"]
[BlackElo "2334"]
[PlyCount "118"]
[EventDate "2011.10.02"]
[EventType "team-tourn"]
[EventRounds "9"]
[EventCountry "GER"]
[SourceTitle "EXT 2013"]
[Source "ChessBase"]
[SourceDate "2012.11.22"]
[SourceVersion "1"]
[SourceVersionDate "2012.11.22"]
[SourceQuality "1"]
[WhiteTeam "Bad Koenigshofen"]
[BlackTeam "MSA Zugzwang"]
[WhiteTeamCountry "GER"]
[BlackTeamCountry "GER"]

1. d4 g6 2. c4 Bg7 3. e4 c5 4. d5 d6 5. Nc3 e6 6. Bd3 exd5 7. exd5 Ne7 8. Nf3 Bg4 9. Bf4 0-0 10. 0-0 Nc8 11. h3 Qf6 12. hxg4 Qxf4 13. g5 Nd7 14. g3 Qg4 15. Kg2 f6 16. Re1 fxg5 17. Re4 Qh5 18. g4 Qh6 19. Qe2 Be5 20. Rh1 Qg7 21. Nxg5 Nf6 22. Ne6 Nxe4 23. Nxe4 Qe7 24. Nxf8 Kxf8 25. Qf3+ Kg8 26. g5 Nb6 27. Nf6+ Bxf6 28. gxf6 Qf7 29. Re1 Re8 30. Rxe8+ Qxe8 31. Qf4 Qe5 32. Qxe5 dxe5 33. Kf3 Kf7 34. Ke4 Kxf6 35. b4 Nd7 36. a3 Ke7 37. Bf1 Kd6 38. f4 Nf6+ 39. Kf3 b6 40. Bh3 h6 41. bxc5+ bxc5 42. Be6 Nh5 43. fxe5+ Kxe5 44. Bf7 Kf6 45. Bg8 Ke7 46. Be6 Ng7 47. Bh3 Ne8 48. Bf1 Kf6 49. Bd3 Nd6 50. Kf4 h5 51. Be2 g5+ 52. Ke3 Ke5 53. Bxh5 Nxc4+ 54. Kd3 Nxa3 55. Bf3 Nb5 56. Kc4 Nd4 57. Bd1 Kd6 58. Bg4 Nc2 59. Bf3 Ne3+ 0-1